Statistics for Italy - Ireland UEFA Euro 2016

Click here to take the quiz!

General Stats

  • This quiz has been taken 34 times
  • The average score is 13 of 30

Answer Stats

Answer% Correct
Robbie Brady ¹
74%
Leonardo Bonucci
71%
Shane Long
71%
Salvatore Sirigu
68%
Andrea Barzagli
65%
Darren Randolph
65%
Séamus Coleman
61%
Antonio Conte
55%
Martin O'Neill
48%
Wes Hoolahan
48%
Ciro Immobile
45%
James McCarthy
45%
Shane Duffy
45%
James McClean
39%
Jeff Hendrick
39%
Simone Zaza
39%
Thiago Motta
39%
Aiden McGeady
35%
Angelo Ogbonna
35%
Lorenzo Insigne
35%
Matteo Darmian
35%
Richard Keogh
32%
Alessandro Florenzi
29%
Daryl Murphy
29%
Mattia De Sciglio
29%
Stephen Ward
26%
Federico Bernardeschi
23%
Stephan El Shaarawy
19%
Stephen Quinn
16%
Stefano Sturaro
13%

Score Distribution

Percentile by Number Answered

Percent of People with Each Score

Your Score History

You have not taken this quiz